Loading...
| Social Science | 2 | 6 | 0 | 4 | 90 | 69 | 115.75 | 0 | 2 | 0.00 | 0.00 |
| History - World | 3 | 2 | 4 | 1 | 45 | 35 | 81.60 | 3 | 5 | 0.00 | 0.00 |
| Philosophy | 1 | 3 | 0 | 1 | 45 | 70 | 110.00 | 0 | 1 | 0.00 | 0.00 |
| Literature - World | 1 | 3 | 0 | 0 | 45 | 70 | 122.50 | 1 | 1 | 0.00 | 0.00 |
| Geography | 2 | 1 | 0 | 0 | 40 | 78 | 93.33 | 1 | 3 | 0.00 | 0.00 |
| Fine Arts - Visual | 0 | 2 | 0 | 1 | 20 | 112 | 134.00 | 0 | 1 | 0.00 | 0.00 |
| Other Academic | 0 | 2 | 1 | 0 | 15 | 85 | 92.50 | 1 | 1 | 0.00 | 0.00 |
| Fine Arts - Classical Music and Opera | 0 | 2 | 1 | 1 | 15 | 122 | 139.00 | 0 | 1 | 0.00 | 0.00 |
| Fine Arts - Other | 0 | 2 | 1 | 1 | 15 | 127 | 138.00 | 0 | 1 | 0.00 | 0.00 |
| History - European | 0 | 3 | 3 | 0 | 15 | 92 | 108.67 | 0 | 1 | 0.00 | 0.00 |
| History - Other | 0 | 4 | 5 | 1 | 15 | 75 | 115.75 | 1 | 3 | 0.00 | 0.00 |
| Literature - American | 0 | 1 | 0 | 1 | 10 | 146 | 146.00 | 0 | 0 | 0.00 | 0.00 |
| Science - Astronomy | 0 | 1 | 0 | 0 | 10 | 124 | 124.00 | 0 | 1 | 0.00 | 0.00 |
| Science - Biology | 0 | 1 | 0 | 0 | 10 | 123 | 123.00 | 0 | 0 | 0.00 | 0.00 |
| Beliefs | 0 | 3 | 5 | 0 | 5 | 116 | 128.67 | 1 | 2 | 0.00 | 0.00 |
| History - US | 0 | 1 | 1 | 0 | 5 | 109 | 109.00 | 0 | 0 | 0.00 | 0.00 |
| Literature - British | 0 | 0 | 0 | 0 | 0 | 0.00 | 0 | 0 | 0.00 | 0.00 | |
| Literature - European | 0 | 0 | 1 | 0 | -5 | 0.00 | 0 | 0 | 0.00 | 0.00 | |
| Science - Physics | 0 | 0 | 2 | 0 | -10 | 0.00 | 0 | 0 | 0.00 | 0.00 |